Bharat mein samajik parivartan evam vikas (Record no. 31769)

MARC details
000 -LEADER
fixed length control field 00473nam a2200169Ia 4500
008 - FIXED-LENGTH DATA ELEMENTS--GENERAL INFORMATION
fixed length control field 230917s9999||||xx |||||||||||||| ||und||
020 ## - ISBN
Price RS150
040 ## - CATALOGING SOURCE
-- 256458
Original cataloging agency VIVEKANANDA LIBRARY
041 ## - Language
-- English
082 ## - DDC NUMBER
Classification number 301.240954 Y11B
100 ## - MAIN ENTRY--PERSONAL NAME
Personal name Yadav, Ram Ganesh, ed.
245 #0 - TITLE STATEMENT
Title Bharat mein samajik parivartan evam vikas
260 ## - PUBLICATION, DISTRIBUTION, ETC. (IMPRINT)
Place of publication, distribution, etc New Delhi
Name of publisher, distributor, etc Orient Blackswan
Date of publication, distribution, etc 2014
300 ## - PHYSICAL DESCRIPTION
Pages x, 213 p.
500 ## - GENERAL NOTE
General note 3513 18/07/2019 HBD19/7919 06/08/2019 Main Budget
942 ## - ADDED ENTRY ELEMENTS (KOHA)
Koha item type Books
Holdings
Withdrawn status Lost status Damaged status Not for loan Location (home branch) Sublocation or collection (holding branch) Date acquired Koha issues (times borrowed) Koha full call number Accession No. Koha date last seen Koha item type
        VIVEKANANDA LIBRARY VIVEKANANDA LIBRARY 17/09/2019 4 301.240954 Y11B 384217 28/12/2024 Books
        VIVEKANANDA LIBRARY VIVEKANANDA LIBRARY 17/09/2019 6 301.240954 Y11B 384218 22/04/2026 Books
        VIVEKANANDA LIBRARY VIVEKANANDA LIBRARY 17/09/2019 3 301.240954 Y11B 384219 07/10/2024 Books
        VIVEKANANDA LIBRARY VIVEKANANDA LIBRARY 17/09/2019 2 301.240954 Y11B 384220 07/05/2024 Books
© Designed and Maintained by Vivekananda Library, MDU Rohtak